| 000 | 00451nam a22001577a 4500 | ||
|---|---|---|---|
| 003 | OSt | ||
| 005 | 20220914202724.0 | ||
| 008 | 220914b |||||||| |||| 00| 0 eng d | ||
| 040 | _cBiblioteca Lado V | ||
| 082 |
_a708 _bP964e |
||
| 100 | _aProlik, Eliane | ||
| 245 |
_aEliane Prolik:/ _bNoutro Lugar/ |
||
| 260 |
_aCuritiba _bPrefeitura Municipal de Curitiba _c2005 |
||
| 300 |
_a122p. _c23x31cm |
||
| 942 |
_2ddc _c1 _h708 _iP964e _n0 |
||
| 999 |
_c2016 _d2016 |
||